Urbanised society in the age of cities: Spatial governance for transforming the urban space (Record no. 1715759)

MARC details
000 -LEADER
fixed length control field 01005nam a2200217 4500
005 - DATE AND TIME OF LATEST TRANSACTION
control field 20260407115939.0
008 - FIXED-LENGTH DATA ELEMENTS--GENERAL INFORMATION
fixed length control field 260319b |||||||| |||| 00| 0 eng d
020 ## - INTERNATIONAL STANDARD BOOK NUMBER
International Standard Book Number 9781041140672
037 ## - SOURCE OF ACQUISITION
Terms of availability RTL
040 ## - CATALOGING SOURCE
Original cataloging agency RTL
Transcribing agency RTL
084 ## - COLON CLASSIFICATION NUMBER
Assigning agency RTL
Classification number U43 R5
245 ## - TITLE STATEMENT
Title Urbanised society in the age of cities: Spatial governance for transforming the urban space
260 ## - PUBLICATION, DISTRIBUTION, ETC.
Place of publication, distribution, etc. New York
Name of publisher, distributor, etc. Routledge
Date of publication, distribution, etc. 2025
300 ## - PHYSICAL DESCRIPTION
Extent 309 p. : ill.
520 ## - SUMMARY, ETC.
Summary, etc. This book details the transformation processes that impinge on constitutionally ordained governance by drawing on the new theoretical approaches in the urban sciences. It is unique in terms of its focused content, which thoroughly analyses the transformation of space and governance in Turkey and beyond and how urban institutions have emerged and changed since their inception.
650 ## - SUBJECT ADDED ENTRY--TOPICAL TERM
Topical term or geographic name entry element Urban Society
9 (RLIN) 1132542
650 ## - SUBJECT ADDED ENTRY--TOPICAL TERM
Topical term or geographic name entry element Social Science
650 ## - SUBJECT ADDED ENTRY--TOPICAL TERM
Topical term or geographic name entry element Transforming India
9 (RLIN) 1132543
700 ## - ADDED ENTRY--PERSONAL NAME
Personal name Olcar, Cumhur
942 ## - ADDED ENTRY ELEMENTS (KOHA)
Source of classification or shelving scheme Colon Classification (CC)
Suppress in OPAC Yes
Koha item type Textbook
Classification part U43 R5
Holdings
Withdrawn status Lost status Source of classification or shelving scheme Damaged status Not for loan Home library Current library Date acquired Total Checkouts Full call number Barcode Date last seen Price effective from Koha item type
    Colon Classification (CC)     Ratan Tata Library Ratan Tata Library 2026-03-19   U43 R5 RT1585295 2026-03-19 2026-03-19 Textbook
Copyright @ Delhi University Library System